000
00291nam a22001217a 4500
008
180925b xxu||||| |||| 00| 0 eng d
041
_a
eng
080
_a
621
100
_a
27
101
_a
MEK
245
_a
Vibration of Solids and Structures under moving loads
_c
Fryba, L
942
_2
udc
_c
BK
999
_c
48437
_d
48437